000
00205 a2200097 4500
001
2324
100
_a
Truitt, R W
245
_a
Hypersonic Aerodynamics
260
_a
_b
Ronald Press
_c
090
_c
1684
_d
1684
942
_a
NUST-CAE
_c
M
_c
7602
999
_c
237397
_d
237397